2026 Cincinatti Bengals Depth Chart - Statistics

General Stats
  • This quiz has been taken 7 times
  • The average score is 10 of 90
Answer Stats
Hint Answer % Correct
RB Chase Brown
80%
WR1 Ja'Marr Chase
80%
QB Joe Burrow
80%
Joe Flacco
60%
Josh Johnson
60%
WR2 Tee Higgins
60%
Samaje Perine
40%
Samaje Perine
40%
RT Amarius Mims
20%
Left DE Boye Mafe
20%
Charlie Jones
20%
PR Charlie Jones
20%
KR Charlie Jones
20%
Cody Ford
20%
Colbie Young
20%
Drew Sample
20%
LG Dylan Fairchild
20%
Erick All Jr.
20%
PK Evan McPherson
20%
Javon Foster
20%
TE Mike Gesicki
20%
Mitchell Tinsley
20%
Mitchell Tinsley
20%
RDE Myles Murphy
20%
LT Orlando Brown Jr.
20%
Sean Clifford
20%
Shemar Stewart
20%
Tahj Brooks
20%
Tahj Brooks
20%
Tanner Hudson
20%
C Ted Karras
20%
WR3 Andrei Iosivas
0%
Andrew Coker
0%
Antwuan Powell-Ryland
0%
MLB Barrett Carter
0%
B.J. Hill
0%
Bralyn Lux
0%
Brian Parker II
0%
FS Bryan Cook
0%
Cashius Howell
0%
Cedric Johnson
0%
Ceyair Wright
0%
Christian Jones
0%
Connor Law
0%
Corey Robinson II
0%
Daijahn Anthony
0%
RG Dalton Risner
0%
LCB Dax Hill
0%
WLB Demetrius Knight Jr.
0%
LDT Dexter Lawrence II
0%
DJ Ivey
0%
RCB DJ Turner II
0%
Dohnte Meyers
0%
Eric Gentry
0%
Gary Brightwell
0%
Isaiah Foskey
0%
Isaiah Nwokobia
0%
Jack Dingle
0%
Jacob Bayer
0%
NB Jalen Davis
0%
Jalen Kimber
0%
Jalen Rivers
0%
Ja'Sir Taylor
0%
Joe Giles-Harris
0%
Right DT Jonathan Allen
0%
SS Jordan Battle
0%
Jordan Jefferson
0%
Jordan Moore
0%
Josh Newton
0%
Kendric Pryor
0%
Ke'Shawn Williams
0%
Ke'Shawn Williams
0%
Ke'Shawn Williams
0%
Kris Jenkins Jr.
0%
Kyle Dugger
0%
Landon Robinson
0%
Liam Brown
0%
Liam Henderson
0%
McKinnley Jackson
0%
Noah Thomas
0%
SLB Oren Burks
0%
PJ Jules
0%
Russ Yeast
0%
P and H Ryan Rehkow
0%
Shaka Heyward
0%
Swayze Bozeman
0%
Tacario Davis
0%
T.J. Slaton Jr.
0%
LS William Wagner
0%
Xavier Johnson
0%
No matching quizzes found
Score Distribution
Percent of People with Each Score
Percentile by Number Answered
Your Score History
You have not taken this quiz